00520 2200193 4500001002100000005001500021035002000036100002800056245006500084250002300149300003200172020002200204082001800226084002400244260003100268600000900299990000900308990000900317INLIS00000000000224720260226101644 a0010-02260000790 aNy. Andi Nurhani Sapada1 aTari Kreasi Baru Sulawesi Selatan /cNy. Andi Nurhani Sapada aCETAKAN KEDUA 2014 a106 hlm :bilust ;c20.5 cm a978-602-8262-04-0 a793.319.598.6 a793.319.598.6 AND t aJakarta :bPT MAPAN,c2007 4aSeni a6613 a6614